| 000 | 00364nam a2200145Ia 4500 | ||
|---|---|---|---|
| 005 | 20251222143248.0 | ||
| 008 | 251222s9999||||xx |||||||||||||| ||spa|| | ||
| 020 | _a9972874648 | ||
| 082 | _a985.063/G87 | ||
| 100 | _aGuerrero Bravo, Juan Carlos | ||
| 245 | 0 | _aJosé de la Riva Agüero y Luis Varela Orbegoso | |
| 250 | _a1ra.ed. | ||
| 264 | _bBNP | ||
| 942 | _cLIB | ||
| 999 |
_c14830 _d14830 |
||